000 00626nam a2200157 a 4500
001 000034199
005 20200930070848.0
008 091012s1947 dr ag 000 0 spa d
020 _a9993402168
040 _aDO-SdBNP
_bspa
_cBNPHU
082 _axxxx
_bH731c
245 0 0 _aCanciones dominicanas antiguas /
_cCompiladas, transcriptas y arregladas para voz y piano por José D. Cerón.
260 _aCiudad Trujillo, Dist. de Santo Domingo, República Dominicana :
_bSecretaría de Estado de Educación y Bellas Artes, Sección de Canje y difución Cultural,
_c1947.
300 _a148 p. :
_bil., mús. ;
_c26 cm.
049 _aBNPD
999 _c33690
_d33690